00842 2200301 4500001002100000005001500021035002000036006001800056007000300074008003900077040002600116084001400142090001600156100001600172245004900188260003700237300003700274440003600311850001200347900002900359902004500388082001200433500002900445041000800474651002200482990001800504990001800522INLIS00000000015623420180705063755 a0010-0718000046aa g 000 0ta090416q1922 gx a g 000 0 ger aJKPNPNAbinddYOPDYOG a938 LAM g aL 938 LAM g1 aLamer, Hans14aGriechsche kultur im Bilde /cvon Hans Lamer3 aLeipzig :bQuelle & Meyer,c1922 a96 halaman :bilustrasi ;c19 cm 0aWissenschaft und bildung ;v202 aYOPDYOG a00414nbm**2200012*a*4500 a131471767:16-APR-09*131471767:16-APR-09*04223a938 aTeks dalam bahasa Jerman0 ager 4aYunani--xSejarah a59157-PD/A.18 a59157-PD/A.18